[Event "11. Lichtenberger Sommer"]
[Site "Berlin"]
[Date "2012.08.19"]
[Round "2.94"]
[White "Kapp, Frank"]
[Black "Dittrich, Tom"]
[Result "1-0"]
[WhiteElo "1887"]
[BlackElo "1627"]
[PlyCount "113"]
[EventDate "2012.??.??"]
[WhiteTeam "TSV IFA Chemnitz"]
[BlackTeam "SG Blau-Weiß Stadtilm"]

1. d4 Nf6 2. c4 e5 3. dxe5 Ng4 4. Nf3 Nc6 5. e3 Ngxe5 6. Be2 Bb4+ 7. Nbd2 O-O
8. a3 Bxd2+ 9. Bxd2 d6 10. h3 Be6 11. Qc2 Qd7 12. Nd4 Nxd4 13. exd4 Bf5 14. Qc3
Ng6 15. O-O-O Rfe8 16. Bd3 Bxd3 17. Qxd3 Rab8 18. Be3 b5 19. c5 a5 20. Qc2 b4
21. c6 Qe7 22. axb4 Rxb4 23. Bd2 Rxd4 24. Rhe1 Ne5 25. Bc3 Qg5+ 26. Kb1 Rxd1+
27. Qxd1 Qxg2 28. f4 Qxc6 29. fxe5 dxe5 30. Bxe5 h6 31. Bc3 Qg6+ 32. Ka1 Rxe1
33. Qxe1 a4 34. Qe8+ Kh7 35. Qxa4 Qg1+ 36. Ka2 Qf1 37. h4 f5 38. Qc6 f4 39. h5
Qg1 40. Qe4+ Kh8 41. Qxf4 Qa7+ 42. Kb1 Qg1+ 43. Qc1 Qxc1+ 44. Kxc1 Kg8 45. Kd2
Kf7 46. Ke3 g5 47. hxg6+ Kxg6 48. Be5 c6 49. Kd4 Kf5 50. Bd6 Ke6 51. Kc5 Kd7
52. Bf4 h5 53. Bg3 h4 54. Bxh4 Kc7 55. Bg3+ Kb7 56. Bh2 Ka6 57. Kxc6 1-0

[Event "11. Lichtenberger Sommer"]
[Site "Berlin"]
[Date "2012.08.19"]
[Round "2.95"]
[White "Paris, Gerhard"]
[Black "Kohlmeyer, Dagobert"]
[Result "0-1"]
[WhiteElo "1615"]
[BlackElo "1895"]
[PlyCount "52"]
[EventDate "2012.??.??"]
[WhiteTeam "TSG Oberschöneweide e.V."]
[BlackTeam "SC Rochade e.V."]

1. e4 e6 2. d4 d5 3. e5 c5 4. c3 Nc6 5. Nf3 Qb6 6. Be2 f6 7. O-O Bd7 8. Re1
cxd4 9. cxd4 Bb4 10. Nc3 fxe5 11. dxe5 d4 12. Na4 Qc7 13. Bd2 Bxd2 14. Qxd2
Nge7 15. Bd3 O-O 16. Nc5 Nd5 17. Nxd7 Qxd7 18. Rad1 a6 19. Bb1 Nf4 20. Re4 Qf7
21. Ng5 Qf5 22. Nxh7 Nxe5 23. Rxe5 Qxe5 24. Nxf8 Rxf8 25. Re1 Qg5 26. Kf1 Qxg2#
0-1

[Event "11. Lichtenberger Sommer"]
[Site "Berlin"]
[Date "2012.08.19"]
[Round "2.96"]
[White "Radjenovic, Branko"]
[Black "Stiewe, Frank"]
[Result "1-0"]
[WhiteElo "1845"]
[BlackElo "1679"]
[PlyCount "52"]
[EventDate "2012.??.??"]
[WhiteTeam "SK Dragojle Babic"]
[BlackTeam "vereinslos"]

1. d4 Nf6 2. c4 e6 3. Nc3 Be7 4. e4 d6 5. Nf3 O-O 6. Bd3 Nbd7 7. O-O c6 8. Qe2
e5 9. Rd1 Qc7 10. Bg5 Re8 11. Rac1 h6 12. Bh4 Nh7 13. Bxe7 Rxe7 14. d5 c5 15.
a3 a5 16. Nb5 Qb8 17. a4 Ndf6 18. h3 Bd7 19. Rf1 Bxb5 20. axb5 b6 21. Qe3 Nf8
22. Nh4 N6h7 23. Nf5 Rd7 24. Be2 f6 25. h4 Qe8 26. Bg4 Qg6 1-0

[Event "11. Lichtenberger Sommer"]
[Site "Berlin"]
[Date "2012.08.19"]
[Round "2.97"]
[White "Zelanti, Markus"]
[Black "Kretzschmar, Jan"]
[Result "1/2-1/2"]
[WhiteElo "1487"]
[BlackElo "1839"]
[PlyCount "112"]
[EventDate "2012.??.??"]
[WhiteTeam "Queer-Springer SSV Berlin"]
[BlackTeam "SC Kreuzberg e.V."]

1. b4 d5 2. Bb2 Bf5 3. e3 e6 4. Nf3 Nf6 5. b5 Be7 6. Be2 a6 7. a4 axb5 8. axb5
Rxa1 9. Bxa1 Nbd7 10. O-O Qa8 11. Nc3 O-O 12. Nh4 Bg6 13. Nxg6 hxg6 14. d4 Nb6
15. Bf3 Bb4 16. Qb1 Qa5 17. Na2 Bd6 18. Bc3 Qa3 19. Bb2 Qa7 20. Nc3 Ra8 21. Qa1
Qb8 22. Qd1 Nc4 23. Ba1 Bb4 24. Be2 Nb6 25. Qb1 Qf8 26. f3 Ra3 27. Nd1 Bd6 28.
Bb2 Ra7 29. Nf2 Qa8 30. e4 Bf4 31. Bc1 Ra1 32. Qb2 Bxc1 33. Rxc1 Rxc1+ 34. Qxc1
Qa2 35. e5 Nfd7 36. Bd3 Nc4 37. h3 Ndb6 38. Qg5 Qa1+ 39. Kh2 Qxd4 40. Ng4 Nd7
41. Qd8+ Nf8 42. Qxc7 Qf4+ 43. Kg1 b6 44. Bxc4 Qd4+ 45. Kh1 dxc4 46. Qc6 c3 47.
Qe4 Qxe4 48. fxe4 Nd7 49. Kg1 Nc5 50. Nf2 Kf8 51. Kf1 Ke7 52. Ke2 f5 53. Ke3 g5
54. Kd4 Na4 55. Kc4 g6 56. Kb4 Nc5 1/2-1/2

[Event "11. Lichtenberger Sommer"]
[Site "Berlin"]
[Date "2012.08.19"]
[Round "2.98"]
[White "Möller, Dustin"]
[Black "Kühnert, Hanno"]
[Result "1-0"]
[WhiteElo "1838"]
[BlackElo "1666"]
[PlyCount "89"]
[EventDate "2012.??.??"]
[WhiteTeam "Eckernförder SC von 1921"]
[BlackTeam "SC Rotation Pankow e.V."]

1. c4 e5 2. g3 Nc6 3. Bg2 Nge7 4. Nc3 d6 5. d3 g6 6. e3 Bg7 7. Nge2 O-O 8. O-O
Bf5 9. h3 Qd7 10. Kh2 Rab8 11. f4 Rfe8 12. e4 Be6 13. g4 exf4 14. Bxf4 Nd4 15.
Nxd4 Bxd4 16. Rb1 a6 17. Ne2 Bg7 18. b3 c5 19. b4 b6 20. bxc5 bxc5 21. Qc2 Nc6
22. Rxb8 Rxb8 23. Rb1 Rxb1 24. Qxb1 Be5 25. Qb6 Bxf4+ 26. Nxf4 Ne5 27. Qxa6
Bxg4 28. hxg4 Qxg4 29. Nh3 Qh4 30. Qa5 Ng4+ 31. Kg1 Qg3 32. Qd2 Ne3 33. Qf2
Qxf2+ 34. Kxf2 Nd1+ 35. Ke1 Nc3 36. a3 f6 37. Nf4 Kf7 38. Nd5 Na4 39. Bh3 h5
40. Bd7 Nb2 41. Kd2 h4 42. Kc2 Na4 43. Kb3 f5 44. exf5 h3 45. fxg6+ 1-0

[Event "11. Lichtenberger Sommer"]
[Site "Berlin"]
[Date "2012.08.19"]
[Round "2.99"]
[White "Toth, Hans-Jürgen"]
[Black "Meyer, Willfried"]
[Result "0-1"]
[WhiteElo "1638"]
[BlackElo "1807"]
[PlyCount "48"]
[EventDate "2012.??.??"]
[WhiteTeam "Schachfreunde Zehdenick 76 e.V."]
[BlackTeam "SC Zugzwang 95 e.V."]

1. f4 e5 2. fxe5 d6 3. exd6 Bxd6 4. Nf3 Bg4 5. g3 h5 6. d4 h4 7. Bg5 f6 8. Bf4
hxg3 9. Bxd6 Qxd6 10. h3 Qd7 11. Ng1 Qd5 12. Nf3 Qh5 13. Bg2 Bf5 14. Qd2 Nc6
15. Na3 O-O-O 16. O-O-O g5 17. Qc3 Nge7 18. Ne1 Qxe2 19. Rd2 Qe6 20. Nc4 Nd5
21. Qxg3 Ndb4 22. Qb3 b5 23. Na3 Nxa2+ 24. Kb1 Qxb3 0-1

[Event "11. Lichtenberger Sommer"]
[Site "Berlin"]
[Date "2012.08.19"]
[Round "2.100"]
[White "Zesewitz, Martin"]
[Black "Tschirschwitz, Stephan"]
[Result "1-0"]
[WhiteElo "1870"]
[BlackElo "1557"]
[PlyCount "51"]
[EventDate "2012.??.??"]
[WhiteTeam "SF Friedrichshagen"]
[BlackTeam "SG Lasker Steglitz-Wilmersdorf"]

1. f4 d5 2. Nf3 Nf6 3. e3 c6 4. Be2 Nbd7 5. O-O Qc7 6. b3 e6 7. Bb2 Be7 8. Qe1
b6 9. c4 Ba6 10. Na3 Bxa3 11. Bxa3 dxc4 12. bxc4 O-O-O 13. d4 c5 14. Ne5 Nxe5
15. fxe5 Ne4 16. Bd3 Bb7 17. Qh4 f5 18. exf6 Nxf6 19. Be2 Be4 20. Rxf6 gxf6 21.
Qxe4 Rde8 22. dxc5 bxc5 23. Bh5 Re7 24. Rb1 Rd8 25. Qa8+ Kd7 26. Rd1+ 1-0

[Event "11. Lichtenberger Sommer"]
[Site "Berlin"]
[Date "2012.08.19"]
[Round "2.101"]
[White "Fontaine, Constantin"]
[Black "Lohse, Steffen"]
[Result "0-1"]
[WhiteElo "1343"]
[BlackElo "1928"]
[PlyCount "80"]
[EventDate "2012.??.??"]
[WhiteTeam "SK Tempelhof 1931 e.V."]
[BlackTeam "SV Osram e.V."]

1. g3 f5 2. Bg2 d5 3. Nf3 Nf6 4. O-O e6 5. d3 Be7 6. Nbd2 O-O 7. c3 c6 8. Ne5
Nbd7 9. Ndf3 Bd6 10. d4 Ne4 11. Nxd7 Bxd7 12. Ne5 Be8 13. f3 Nf6 14. Bg5 Be7
15. Bxf6 Rxf6 16. e4 Bd6 17. Nd3 fxe4 18. fxe4 Rxf1+ 19. Bxf1 dxe4 20. Nf4 Bxf4
21. gxf4 Qh4 22. Qb3 Qg4+ 23. Bg2 b5 24. Re1 Bg6 25. Qd1 Qxf4 26. Qe2 Qg5 27.
Qe3 Qxe3+ 28. Rxe3 Kf7 29. Bxe4 Bxe4 30. Rxe4 Rd8 31. Re5 Rd5 32. Rxd5 exd5 33.
Kf2 Kf6 34. h4 Kf5 35. Kf3 g6 36. a3 a5 37. b3 h6 38. b4 a4 39. Kg3 Ke4 40. Kg4
Kd3 0-1

[Event "11. Lichtenberger Sommer"]
[Site "Berlin"]
[Date "2012.08.19"]
[Round "2.103"]
[White "Prix, Siegfried"]
[Black "Meinicke, Kurt"]
[Result "0-1"]
[WhiteElo "1800"]
[BlackElo "1547"]
[PlyCount "84"]
[EventDate "2012.??.??"]
[WhiteTeam "Sfrd. Berlin 1903 e.V."]
[BlackTeam "BSG 1827 Eckbauer e.V."]

1. e4 e5 2. Nf3 Nc6 3. Bb5 a6 4. Ba4 Nf6 5. O-O b5 6. Bb3 Be7 7. Re1 O-O 8. c3
Na5 9. Nxe5 Nxb3 10. Qxb3 d6 11. Nc6 Qe8 12. Nxe7+ Qxe7 13. d3 Be6 14. Qa3 c5
15. d4 Bc4 16. Nd2 Bd3 17. b3 Rfe8 18. Bb2 Qb7 19. f3 a5 20. Bc1 Nd5 21. Qb2
Nf4 22. Nf1 g5 23. Bxf4 gxf4 24. Qd2 c4 25. Qxf4 Re6 26. Ne3 Rg6 27. Ng4 cxb3
28. axb3 Qc8 29. Qd2 Bxe4 30. Rxe4 f5 31. Re7 fxg4 32. f4 Qf8 33. Rae1 Rf6 34.
g3 a4 35. Qd3 Rf7 36. Rxf7 Qxf7 37. Qxb5 axb3 38. Rb1 Ra3 39. Qb4 Qf5 40. Rxb3
Ra1+ 41. Kf2 Qc2+ 42. Ke3 Re1# 0-1

[Event "11. Lichtenberger Sommer"]
[Site "Berlin"]
[Date "2012.08.19"]
[Round "2.105"]
[White "Schrodt, Horst"]
[Black "Geist, Wolfgang"]
[Result "1-0"]
[WhiteElo "1730"]
[BlackElo "1306"]
[PlyCount "41"]
[EventDate "2012.??.??"]
[WhiteTeam "SC Eintracht Berlin e.V."]
[BlackTeam "SSV 90 Artern"]

1. d4 Nf6 2. c4 d5 3. Nc3 e6 4. Nf3 c6 5. cxd5 cxd5 6. Bf4 Nc6 7. e3 Be7 8. Bd3
O-O 9. h3 a6 10. O-O h6 11. Rc1 Bd7 12. a3 b5 13. Qe2 Na5 14. Ne5 Nc4 15. e4
Nxe4 16. Nxe4 Bg5 17. Nxg5 hxg5 18. Qh5 f5 19. Qxg5 Qxg5 20. Bxg5 Rfc8 21. Be3
1-0

[Event "11. Lichtenberger Sommer"]
[Site "Berlin"]
[Date "2012.08.19"]
[Round "2.106"]
[White "Stark, Steven"]
[Black "Rauscher, Joachim"]
[Result "0-1"]
[WhiteElo "1569"]
[BlackElo "1866"]
[PlyCount "192"]
[EventDate "2012.??.??"]
[WhiteTeam "BSC Rehberge 1945 e.V."]
[BlackTeam "SC Brett vor'm Kopp Ffm"]

1. e3 e5 2. a3 d5 3. Nf3 e4 4. Nd4 Nf6 5. h3 c5 6. Nb5 a6 7. N5c3 d4 8. exd4
cxd4 9. Ne2 Bc5 10. d3 Bf5 11. Ng3 Bg6 12. b4 Bd6 13. Ne2 Nc6 14. g3 O-O 15.
Bg2 Re8 16. O-O Qc7 17. Bf4 Re7 18. Bxd6 Qxd6 19. Nd2 Rae8 20. Nc4 Qc7 21. Nf4
b5 22. Nxg6 fxg6 23. Nb2 e3 24. Qf3 Ne5 25. Qe2 Qc3 26. f4 Nf7 27. Ra2 Nd6 28.
Nd1 Qc7 29. Kh2 Rf8 30. Nb2 Nf5 31. Rf3 Nd5 32. Nd1 Qd6 33. Rb2 Nc3 34. Nxc3
dxc3 35. Rb1 Nd4 36. Qe1 Nxf3+ 37. Bxf3 Qd4 38. Qe2 Kh8 39. Rf1 Qd6 40. Bg4 Qd5
41. Ra1 g5 42. Bf3 Qf7 43. Qe1 gxf4 44. g4 Qf6 45. Rb1 Qd4 46. Qe2 Ra7 47. Ra1
Qd8 48. Qe1 Qc7 49. Rb1 Re8 50. Rb3 Rc8 51. Qe2 a5 52. Qe1 a4 53. Rb1 Re8 54.
Qe2 Qe7 55. Kg2 Ra6 56. Rh1 Qe6 57. Ra1 Qf6 58. Rf1 Qh4 59. Qe1 Qxe1 60. Rxe1
Rd6 61. Be2 g5 62. Kf3 Kg7 63. Rh1 Kf6 64. Rf1 Ke5 65. Rd1 Kd4 66. Rb1 Rh8 67.
Rh1 h5 68. Kg2 hxg4 69. Bxg4 Rdh6 70. Kf3 Rf6 71. Bd7 Rfh6 72. Bg4 Rh4 73. Rh2
e2 74. Rxe2 Rxh3+ 75. Bxh3 Rxh3+ 76. Kg4 Re3 77. Rh2 Rg3+ 78. Kf5 Ke3 79. Ke5
f3 80. d4 f2 81. Rxf2 Kxf2 82. Kd5 Rf3 83. Kc5 Rf5+ 84. Kc6 g4 85. d5 g3 86. d6
g2 87. d7 Rf8 88. Kxb5 g1=Q 89. Kc4 Rd8 90. b5 Rxd7 91. Kxc3 Ke3 92. Kb4 Qb1+
93. Ka5 Kd4 94. b6 Kc5 95. c4 Qxb6+ 96. Kxa4 Ra7# 0-1

[Event "11. Lichtenberger Sommer"]
[Site "Berlin"]
[Date "2012.08.19"]
[Round "2.107"]
[White "Schulz, Martin"]
[Black "Herrmann, Eberhard"]
[Result "0-1"]
[WhiteElo "1648"]
[BlackElo "1859"]
[PlyCount "108"]
[EventDate "2012.??.??"]
[WhiteTeam "KSC Strausberg Abt. Schach"]
[BlackTeam "SC Friesen Lichtenberg e.V."]

1. c4 e5 2. d4 Nc6 3. dxe5 Nxe5 4. e3 Bc5 5. Nf3 Ng6 6. Be2 Nf6 7. O-O O-O 8.
Nc3 c6 9. Qc2 Qe7 10. a3 Bb6 11. b4 Bc7 12. h3 Rd8 13. Bb2 Ne5 14. Ne4 Nxe4 15.
Qxe4 d5 16. cxd5 cxd5 17. Qd4 f6 18. Rfd1 Be6 19. Nxe5 fxe5 20. Qd2 Qd6 21. e4
d4 22. Qd3 a6 23. Bc1 b5 24. Qg3 Kh8 25. Bg5 Rf8 26. Qh4 Rf7 27. Bh5 Rd7 28.
Bg6 h6 29. Bxh6 gxh6 30. Qxh6+ Kg8 31. Rd3 Rg7 32. Rg3 Qe7 33. Bh7+ Kf8 34.
Rf3+ Ke8 35. Bg6+ Kd7 36. Bf5 Rag8 37. g3 Bd8 38. Rc1 a5 39. Rc8 axb4 40. Ra8
Bxf5 41. Ra7+ Bc7 42. Rxf5 Rg6 43. Qd2 R8g7 44. axb4 Rc6 45. Qd3 Rc4 46. f4
exf4 47. Rd5+ Kc8 48. g4 Qxb4 49. e5 Qb2 50. Qf5+ Kb8 51. Rxb5+ Qxb5 52. Qf8+
Kxa7 53. Qxg7 Rc1+ 54. Kf2 Qf1# 0-1

[Event "11. Lichtenberger Sommer"]
[Site "Berlin"]
[Date "2012.08.19"]
[Round "2.108"]
[White "Koerber, Bernhard"]
[Black "Mühlhan, Klaus"]
[Result "0-1"]
[WhiteElo "1643"]
[BlackElo "2042"]
[PlyCount "79"]
[EventDate "2012.??.??"]
[WhiteTeam "SK Zehlendorf e.V."]
[BlackTeam "SC Empor Potsdam 1952 e.V."]

1. e4 c5 2. Nc3 e6 3. f4 b6 4. g3 Bb7 5. Bg2 a6 6. a4 f5 7. d3 Qc7 8. Be3 Nf6
9. Qd2 Ng4 10. Nf3 d5 11. exd5 exd5 12. Bf2 d4 13. Nd1 Bd6 14. O-O O-O 15. Re1
Nd7 16. b3 Rae8 17. Nb2 Qc8 18. Rxe8 Rxe8 19. Re1 Ndf6 20. Rxe8+ Qxe8 21. Nc4
Bc7 22. h3 Nxf2 23. Qxf2 b5 24. axb5 axb5 25. Nce5 Nd5 26. Nh4 Qc8 27. Bxd5+
Bxd5 28. Nhf3 h6 29. Ng6 Qe6 30. Nfe5 c4 31. bxc4 bxc4 32. Qe2 cxd3 33. cxd3
Bd6 34. Qb2 Qc8 35. Qe2 Bb4 36. Kh2 Kh7 37. Qf2 Ba8 38. h4 Qb7 39. Kh3 Qh1+ 40.
Qh2 0-1

[Event "11. Lichtenberger Sommer"]
[Site "Berlin"]
[Date "2012.08.19"]
[Round "2.109"]
[White "Kurbel, Horst-Peter"]
[Black "Vural, Argun"]
[Result "1-0"]
[WhiteElo "1865"]
[BlackElo "1232"]
[PlyCount "79"]
[EventDate "2012.??.??"]
[WhiteTeam "FC Bayern München e.V."]
[BlackTeam "SV Empor Berlin e.V."]

1. d4 d5 2. c4 e5 3. dxe5 d4 4. a3 Nc6 5. Nf3 Bg4 6. Bf4 Nge7 7. Nbd2 Ng6 8.
Bg3 Be7 9. h3 Bh5 10. Bh2 Nh4 11. g4 Bg6 12. Nxh4 Bxh4 13. Bg2 O-O 14. O-O Qd7
15. Nf3 Be7 16. b4 a6 17. b5 axb5 18. cxb5 Nd8 19. a4 Bc5 20. Nh4 Ra7 21. Kh1
b6 22. f4 f6 23. f5 Be8 24. e6 Qc8 25. Nf3 c6 26. Nxd4 cxb5 27. Nxb5 Bxb5 28.
axb5 Rxa1 29. Qxa1 Nb7 30. Rd1 Na5 31. Rd7 Re8 32. Qd1 Kf8 33. Bd6+ Bxd6 34.
Qxd6+ Kg8 35. e7 Nc4 36. Qd5+ Kh8 37. Rd8 Ne3 38. Rxe8+ Qxe8 39. Qd8 h5 40.
Qxe8+ 1-0

[Event "11. Lichtenberger Sommer"]
[Site "Berlin"]
[Date "2012.08.19"]
[Round "2.110"]
[White "Boeck, Rüdiger"]
[Black "Hubbe, Bernd"]
[Result "1-0"]
[WhiteElo "1845"]
[BlackElo "1409"]
[PlyCount "83"]
[EventDate "2012.??.??"]
[WhiteTeam "SC Weisse Dame Ulm e.V."]
[BlackTeam "SC Rotation Pankow e.V."]

1. e4 e5 2. Nf3 Nc6 3. Bc4 h6 4. d4 exd4 5. Nxd4 Nf6 6. Nxc6 bxc6 7. Qf3 Bd6 8.
O-O Be5 9. c3 d6 10. Qd3 Nd7 11. f4 Bf6 12. Be3 O-O 13. Nd2 c5 14. Bb3 a5 15.
Rab1 Re8 16. Qd5 Ba6 17. Qxf7+ Kh8 18. Bc4 Re7 19. Qg6 Nf8 20. Qf5 Bc8 21. Qd5
Be6 22. Qd3 Bxc4 23. Nxc4 Qe8 24. e5 dxe5 25. fxe5 Rd8 26. Qe4 Bxe5 27. Nxe5
Rxe5 28. Rxf8+ Qxf8 29. Qxe5 Re8 30. Qxc5 Re7 31. Rf1 Qe8 32. Bd4 Qd7 33. Qxa5
c6 34. Qh5 Kh7 35. Qf5+ Qxf5 36. Rxf5 Kg6 37. Rc5 Re2 38. Rxc6+ Kf7 39. Rb6 g6
40. a4 Re1+ 41. Kf2 Rb1 42. a5 1-0

[Event "11. Lichtenberger Sommer"]
[Site "Berlin"]
[Date "2012.08.19"]
[Round "2.112"]
[White "Jeremic, Nemanja"]
[Black "Ziegel, Mandy Marie"]
[Result "1-0"]
[WhiteElo "1649"]
[BlackElo "853"]
[PlyCount "43"]
[EventDate "2012.??.??"]
[WhiteTeam "BSC Rehberge 1945 e.V."]
[BlackTeam "Schachclub Oranienburg e.V."]

1. e4 e6 2. Nf3 c5 3. Nc3 d5 4. exd5 exd5 5. d4 Nf6 6. Be3 c4 7. g3 Be6 8. Bg2
h6 9. O-O Bd6 10. Qd2 Qd7 11. Ne5 Qc8 12. Rfe1 Nbd7 13. Bf4 a6 14. Nxd7 Qxd7
15. Re2 Bxf4 16. Qxf4 g5 17. Qxf6 Rh7 18. Bxd5 Rc8 19. Bxe6 fxe6 20. Rxe6+ Re7
21. Qh8+ Kf7 22. Rf6# 1-0

[Event "11. Lichtenberger Sommer"]
[Site "Berlin"]
[Date "2012.08.20"]
[Round "3.1"]
[White "Stern, Rene"]
[Black "Hermannsdörfer, Frank"]
[Result "1-0"]
[WhiteElo "2529"]
[BlackElo "2242"]
[PlyCount "81"]
[EventDate "2012.??.??"]
[WhiteTeam "SK König Tegel 1949 e.V."]
[BlackTeam "SV 1861 Liebschwitz"]

1. d4 d6 2. Nf3 Nf6 3. c4 Bf5 4. e3 Nc6 5. Nc3 e5 6. d5 Nb8 7. Nd2 e4 8. Qc2
Qe7 9. f3 Bg6 10. fxe4 Nbd7 11. Be2 Nc5 12. O-O a5 13. Rf4 Nfd7 14. Nf1 h6 15.
Ng3 Bh7 16. Bd2 g6 17. Nb5 Ne5 18. Bc3 Bg7 19. Qd2 O-O 20. Nd4 Na4 21. Rb1 Nxc3
22. bxc3 c5 23. Nb5 h5 24. Rbf1 h4 25. Nh1 f5 26. exf5 gxf5 27. Nf2 Ng6 28. Nh3
Bh6 29. Bh5 Nxf4 30. exf4 Rf6 31. Re1 Qg7 32. Qf2 Bg6 33. Qxh4 Bxh5 34. Qxh5
Qf7 35. Qe2 Rg6 36. g3 Rf8 37. Kf2 Qh7 38. Qh5 Qf7 39. Re7 Qxe7 40. Qxg6+ Bg7
41. Ng5 1-0

[Event "11. Lichtenberger Sommer"]
[Site "Berlin"]
[Date "2012.08.20"]
[Round "3.2"]
[White "Simon, Ralf-Axel"]
[Black "Teske, Henrik"]
[Result "0-1"]
[WhiteElo "2153"]
[BlackElo "2537"]
[PlyCount "61"]
[EventDate "2012.??.??"]
[WhiteTeam "TSG Neuruppin"]
[BlackTeam "SC 1950 Remagen"]

1. c4 e6 2. g3 Nf6 3. Bg2 d5 4. Nf3 dxc4 5. Qa4+ Nbd7 6. Qxc4 a6 7. Qc2 c5 8.
Nc3 Ra7 9. O-O b6 10. d3 Bb7 11. e4 Qa8 12. Re1 Be7 13. h3 O-O 14. Qe2 Re8 15.
b3 Bf8 16. Bb2 e5 17. Nd1 b5 18. Ne3 Qb8 19. Nh2 Bc6 20. Nhg4 a5 21. f4 Nxg4
22. Nxg4 Bd6 23. Rf1 f6 24. Ne3 exf4 25. Nf5 fxg3 26. Qg4 Ne5 27. Qxg3 Rd7 28.
d4 cxd4 29. Rac1 d3 30. Nh6+ Kh8 31. Rxc6 0-1

[Event "11. Lichtenberger Sommer"]
[Site "Berlin"]
[Date "2012.08.20"]
[Round "3.4"]
[White "Gelemerov, Yane"]
[Black "Franco Alonso, Alejandro"]
[Result "0-1"]
[WhiteElo "2033"]
[BlackElo "2477"]
[PlyCount "62"]
[EventDate "2012.??.??"]
[WhiteTeam "Pernik"]
[BlackTeam "Gros Xake Teldea"]

1. e4 c5 2. Nc3 Nc6 3. f4 g6 4. Nf3 Bg7 5. Bb5 Nd4 6. O-O a6 7. Bd3 d6 8. b3
Bg4 9. Be2 Bxf3 10. Bxf3 e6 11. Bb2 Ne7 12. Kh1 O-O 13. Ne2 e5 14. Nxd4 cxd4
15. c3 exf4 16. cxd4 Qb6 17. Be2 Bxd4 18. Bxd4 Qxd4 19. Rxf4 Nd5 20. Rg4 Nf6
21. Rf4 Rae8 22. d3 Nd5 23. Rf1 Ne3 24. Qc1 Rc8 25. Qd2 Rc2 26. Qe1 Nxf1 27.
Bxf1 Rfc8 28. a4 Rb2 29. h3 Rxb3 30. Rd1 Rbc3 31. Be2 Qe3 0-1

[Event "11. Lichtenberger Sommer"]
[Site "Berlin"]
[Date "2012.08.20"]
[Round "3.5"]
[White "Meister, Jakob"]
[Black "Höckendorf, Hartmut"]
[Result "1-0"]
[WhiteElo "2479"]
[BlackElo "2185"]
[PlyCount "55"]
[EventDate "2012.??.??"]
[WhiteTeam "SK Zehlendorf e.V."]
[BlackTeam "BSG Pneumant Fürstenwalde e.V."]

1. e4 e5 2. Bc4 Nf6 3. d3 Bc5 4. Bg5 h6 5. Bh4 Qe7 6. c3 d6 7. Nd2 a6 8. Nf1
Be6 9. Bb3 c6 10. Bc2 Nbd7 11. Qe2 Nf8 12. Bg3 g5 13. h4 Ng6 14. hxg5 hxg5 15.
Rxh8+ Nxh8 16. Qd2 Ng6 17. Qxg5 O-O-O 18. Ne2 Rg8 19. Qd2 d5 20. exd5 Bxd5 21.
Ne3 Be6 22. d4 Rd8 23. O-O-O Bxa2 24. Nf5 Qe6 25. Qg5 Nh7 26. Qh6 e4 27. dxc5
Qxf5 28. Rxd8+ 1-0

[Event "11. Lichtenberger Sommer"]
[Site "Berlin"]
[Date "2012.08.20"]
[Round "3.6"]
[White "Sawlin, Leonid"]
[Black "Kalinitschew, Sergey"]
[Result "0-1"]
[WhiteElo "1952"]
[BlackElo "2458"]
[PlyCount "104"]
[EventDate "2012.??.??"]
[WhiteTeam "TuS Makkabi Berlin e.V."]
[BlackTeam "SC Kreuzberg e.V."]

1. e4 g6 2. d4 c6 3. Bd3 d5 4. e5 f6 5. Nf3 Bg4 6. h3 Bxf3 7. Qxf3 fxe5 8. dxe5
Bg7 9. Qe2 Nd7 10. Bf4 Qc7 11. c4 Bxe5 12. Bxe5 Qxe5 13. cxd5 cxd5 14. Qxe5
Nxe5 15. Bb5+ Kf7 16. Nc3 Nf6 17. f4 Nc6 18. O-O Rac8 19. Rad1 e6 20. g4 Rhd8
21. Rfe1 h5 22. Be2 hxg4 23. hxg4 d4 24. Bc4 dxc3 25. Bxe6+ Kf8 26. Bxc8 Rxc8
27. bxc3 Rc7 28. g5 Ng8 29. Re6 Nce7 30. Rd8+ Kf7 31. Re3 b6 32. Red3 Rc4 33.
R8d4 Rc5 34. Rd7 Ra5 35. Rd2 Ke6 36. Rd8 Kf5 37. Rf8+ Kg4 38. Kf2 Ra3 39. Rc2
b5 40. Ke3 Nf5+ 41. Ke4 Ra4+ 42. c4 Nge7 43. Rh8 bxc4 44. Ke5 Ne3 45. Rf2 Ra5+
46. Ke4 N7f5 47. Rh7 Rd5 48. Rg2+ Nxg2 49. Kxd5 c3 50. Rxa7 Nxf4+ 51. Ke4 Nd6+
52. Ke3 Nc4+ 0-1

[Event "11. Lichtenberger Sommer"]
[Site "Berlin"]
[Date "2012.08.20"]
[Round "3.7"]
[White "Nötzel, Felix"]
[Black "Wendt, Jan-Dietrich"]
[Result "0-1"]
[WhiteElo "2107"]
[BlackElo "2357"]
[PlyCount "89"]
[EventDate "2012.??.??"]
[WhiteTeam "Sfrd. Berlin 1903 e.V."]
[BlackTeam "Sfrd. Berlin 1903 e.V."]

1. e4 c5 2. Nf3 e6 3. d4 cxd4 4. Nxd4 Nf6 5. Nc3 Nc6 6. Be2 d6 7. O-O Be7 8.
Be3 O-O 9. f4 e5 10. Nb3 exf4 11. Rxf4 Ne8 12. Qd2 Bg5 13. Rf2 Bxe3 14. Qxe3
Be6 15. Rd1 Qe7 16. Nd4 Nf6 17. Nf5 Bxf5 18. Rxf5 Ne5 19. Rdf1 Ned7 20. Bd3 Qd8
21. Kh1 Ng4 22. Qg3 Nge5 23. Nd5 a6 24. Rh5 Re8 25. Rf4 Ng6 26. Rf1 Re5 27.
Rxe5 Ndxe5 28. h3 Qh4 29. Qxh4 Nxh4 30. Ne7+ Kf8 31. Nf5 Nxf5 32. exf5 Nxd3 33.
cxd3 Ke7 34. Rc1 Kd7 35. Kg1 Re8 36. Kf2 d5 37. g4 Kd6 38. Rc2 h5 39. Re2 Rxe2+
40. Kxe2 Ke5 41. Ke3 d4+ 42. Kf3 h4 43. Ke2 Kf4 44. Kf2 a5 45. f6 0-1

[Event "11. Lichtenberger Sommer"]
[Site "Berlin"]
[Date "2012.08.20"]
[Round "3.8"]
[White "Neumann, Thomas"]
[Black "Martin Alvarez, Inigo"]
[Result "0-1"]
[WhiteElo "2130"]
[BlackElo "2292"]
[PlyCount "76"]
[EventDate "2012.??.??"]
[WhiteTeam "SC Borussia Friedrichsfelde 1920"]
[BlackTeam "Euskadi"]

1. e4 d6 2. d4 g6 3. f4 Bg7 4. Nf3 Nf6 5. Nc3 c5 6. dxc5 Qa5 7. Bd3 Qxc5 8. Qe2
O-O 9. Qe3 Nbd7 10. Qxc5 Nxc5 11. Be3 Nxd3+ 12. cxd3 b6 13. Rc1 Ba6 14. Kd2 e6
15. Bd4 Rfd8 16. Rc2 e5 17. Be3 d5 18. Nxe5 d4 19. Bxd4 Rxd4 20. Ke3 Rad8 21.
Rd2 Bf8 22. Rhd1 Bc5 23. Kf3 R4d6 24. g4 Bd4 25. g5 Nd7 26. Nxd7 Bxc3 27. bxc3
R6xd7 28. Ke3 Kg7 29. h4 h6 30. f5 hxg5 31. hxg5 gxf5 32. exf5 Rd5 33. Ke4 Bb7
34. Kf4 Bc8 35. f6+ Kg6 36. Rh1 Rf5+ 37. Ke4 Re8+ 38. Kd4 Rf4+ 0-1

[Event "11. Lichtenberger Sommer"]
[Site "Berlin"]
[Date "2012.08.20"]
[Round "3.9"]
[White "Jeremic, Dusan"]
[Black "Bruchmann, Stephan"]
[Result "1/2-1/2"]
[WhiteElo "2210"]
[BlackElo "2315"]
[PlyCount "60"]
[EventDate "2012.??.??"]
[WhiteTeam "BSC Rehberge 1945 e.V."]
[BlackTeam "SC Rotation Pankow e.V."]

1. e4 c6 2. d4 d5 3. exd5 cxd5 4. Bd3 Nc6 5. Ne2 Nb4 6. Bb5+ Bd7 7. Bxd7+ Qxd7
8. c3 Nc6 9. Bf4 g6 10. Nd2 Bg7 11. Nf3 f6 12. Qd2 e6 13. Nc1 e5 14. dxe5 fxe5
15. Bg5 e4 16. Nd4 Nxd4 17. cxd4 Ne7 18. O-O Nc6 19. Ne2 O-O 20. Rac1 Rf5 21.
Be3 Qd6 22. a3 a5 23. Rc2 Raf8 24. Re1 h5 25. Rc5 Ra8 26. b4 axb4 27. axb4 Rf7
28. b5 Ne7 29. Qb4 Kh7 30. Qb3 Rd8 1/2-1/2

[Event "11. Lichtenberger Sommer"]
[Site "Berlin"]
[Date "2012.08.20"]
[Round "3.10"]
[White "Colpe, Malte"]
[Black "Zur, Jan"]
[Result "1-0"]
[WhiteElo "2290"]
[BlackElo "2001"]
[PlyCount "85"]
[EventDate "2012.??.??"]
[WhiteTeam "Hamburger SK von 1830 eV"]
[BlackTeam "SC Zugzwang 95 e.V."]

1. d4 Nf6 2. c4 e6 3. Nc3 Bb4 4. e3 b6 5. Bd3 Bb7 6. Nf3 O-O 7. O-O Qe7 8. Nb5
a6 9. Nc3 Bxc3 10. bxc3 Be4 11. Be2 Nc6 12. Nd2 d5 13. a4 Na5 14. Ba3 c5 15.
Nxe4 Nxe4 16. Qc2 f5 17. Rab1 Qc7 18. cxd5 exd5 19. Rfd1 cxd4 20. Bxf8 dxe3 21.
Bb4 exf2+ 22. Kh1 Nc4 23. Bxc4 Qxc4 24. Qd3 a5 25. Be7 Nxc3 26. Rbc1 Re8 27.
Qxc4 dxc4 28. Rxc3 Rxe7 29. Rf1 Re4 30. h3 Kf7 31. Rxf2 Ke6 32. Rb2 Kd5 33.
Rxb6 Re1+ 34. Kh2 Kd4 35. Rf3 g6 36. Rf4+ Kc3 37. Rc6 Re4 38. Kg3 Kd3 39. Rxe4
fxe4 40. Kf2 c3 41. Ke1 Kc2 42. Rc5 h5 43. Rxa5 1-0